Años de finales de la Eurocopa - Estadísticas

Estadísticas generales
  • Esta prueba ha sido intentada 242 veces
    136 desde el último reinicio
  • La puntuación promedio es 9 de 17
Estadísticas de respuestas
Hint Respuesta % Correcto
Portugal - Francia 1-0 (t.s.) 2016
85%
España - Italia 4-0 2012
83%
Grecia - Portugal 1-0 2004
81%
España - Alemania 1-0 2008
81%
España - Inglaterra 2-1 2024
81%
Italia - Inglaterra 1-1 (t.s.) (3-2 p.) 2020
78%
España - Unión Soviética 2-1 1964
58%
Francia - Italia 2-1 (g.o.) 2000
50%
Unión Soviética - Yugoslavia 2-1 (t.s.) 1960
46%
Checoslovaquia - Alemania Occidental 2-2 (t.s.) (5-3 p.) 1976
39%
Dinamarca - Alemania 2-0 1992
39%
Francia - España 2-0 1984
38%
Países Bajos - Unión Soviética 2-0 1988
33%
Italia - Yugoslavia 2-0 1968
32%
Alemania Occidental - Unión Soviética 3-0 1972
29%
Alemania Occidental - Bélgica 2-1 1980
24%
Alemania - República Checa 2-1 (g.o.) 1996
19%
No se encontraron pruebas coincidentes
Distribución de puntuación
Porcentaje de gente con cada puntuación
Porcentaje por número respondido
Historial de tus puntuaciones
No has intentado esta prueba desde el último reinicio